| 000 | 01491nam a22002657a 4500 | ||
|---|---|---|---|
| 001 | 36731 | ||
| 003 | BD-RjUL | ||
| 005 | 20211209052529.0 | ||
| 008 | 140825s2012 bg a|||| |||| 001 0 ben d | ||
| 020 | _a9847010505436 | ||
| 035 | _a(BD-RjUL)36833 | ||
| 040 |
_aBD-RjUL _bben _cBD-RjUL _dBD-RjUL |
||
| 041 | _aben | ||
| 082 |
_a305.569095492 _bUNI 2012 |
||
| 245 |
_aউনিশ শতকে পূর্ববঙ্গে গরিবদের জীবন / _cসংকলন, সম্পাদনা ও ভুমিকা : মুনতাসীর মামুন, মাহবুবর রহমান ; সংকলিত রিপোটের অনুবাদ সুযশ ভট্টাচার্য |
||
| 260 |
_aঢাকা : _bঅনন্যা, _c২০১২ |
||
| 300 |
_a৩০৪ পৃ. ; _c২২ সেমি. |
||
| 504 | _aনির্ঘন্ট সংযুক্ত | ||
| 650 |
_aগরীব _vসামাজিক অবস্থা _y১৯ শতক _zবাংলাদেশ _9112038 |
||
| 650 |
_aRural poor _vSocial conditions _y19th century _zBangladesh _9112039 |
||
| 700 |
_aমামুন, মুনতাসীর, সংকলক, সম্পাদক ও ভুমিকার _9234601 |
||
| 700 |
_aরহমান, মাহবুবর, যুগ্ম সংকলক, সম্পাদক ও ভুমিকার _9234602 |
||
| 700 |
_aভট্টাচার্য, সুযশ, অনুবাদক _9234603 |
||
| 942 |
_2ddc _cBK |
||
| 999 |
_c36731 _d36731 |
||